Statistics for Events Leading to the Revolutionary War

Click here to take the quiz!

General Stats

  • This quiz has been taken 20 times
  • The average score is 9 of 15

Answer Stats

Hint Event % Correct
Who scared the other army away at Concord?Americans
89%
What was the event of the shooting of innocent people in Boston called?Boston Massacre
89%
What was the event where Patriots dumped tea in the Boston Harbor?Boston Tea Party
83%
First battles of the Revolution.Lexington and Concord
78%
Who "won" at Lexington? Lobsterbacks or Patriots?Lobsterbacks
78%
What were the British trying to get in Concord?Weapons
72%
How many Americans died?5
72%
What war happened before the Revolution?French and Indian
67%
Who was the first American killed in the above?Crispus Attucks
50%
What did Britain want after this war?Money
39%
What did they discuss at the above?Freedom
39%
What tribe the Americans dress up as?Mohawk
39%
Who won this war?British
33%
What was the congress held during the Revolution?First Continental Congress
33%
How many chests of tea were dumped?342
22%

Score Distribution

Percentile by Number Answered

Percent of People with Each Score

Your Score History

You have not taken this quiz